American League Teams - Sudden Death - Statistics

General Stats
  • This quiz has been taken 8,380 times
  • The average score is 8 of 15
Answers on the Grid
Answers color-coded by a green-red scale on the quiz's grid according to % correct below.
Angels
Astros
Athletics
Blue Jays
Braves
Brewers
Cardinals
Cubs
Diamondbacks
Dodgers
Giants
Guardians
Mariners
Marlins
Mets
Nationals
Orioles
Padres
Phillies
Pirates
Rangers
Rays
Red Sox
Reds
Rockies
Royals
Tigers
Twins
White Sox
Yankees
 
Answer Stats
Answer % Correct
AL West Angels
78%
AL East Blue Jays
71%
AL West Astros
67%
AL West Athletics
64%
AL East Yankees
56%
AL East Red Sox
54%
AL East Orioles
51%
AL West Mariners
50%
AL Central White Sox
50%
AL Central Guardians
49%
AL Central Tigers
49%
AL East Rays
48%
AL Central Royals
48%
AL West Rangers
47%
AL Central Twins
46%
No matching quizzes found
Score Distribution
Percent of People with Each Score
Percentile by Number Answered
Your Score History
You have not taken this quiz